[Event "34e Championnat de Martinique - Tournoi "]
[Site "Le Lamentin"]
[Date "2018.05.12"]
[Round "9.2"]
[White "Bagghi, Youri"]
[Black "Suez-Panama, Gilles"]
[Result "0-1"]
[WhiteElo "1763"]
[BlackElo "1971"]
[PlyCount "66"]
[EventDate "2018.??.??"]

1. e4 e6 2. d4 c5 3. Nf3 d5 4. Bb5+ Nc6 5. exd5 exd5 6. dxc5 Bxc5 7. O-O Nge7
8. b3 O-O 9. Bb2 Bg4 10. Nbd2 Qc7 11. Be2 Ng6 12. Ng5 Bd7 13. Bg4 Rad8 14. Bxd7
Qxd7 15. Qh5 h6 16. Nh3 Nd4 17. Kh1 Bb6 18. a4 Nxc2 19. Rad1 Bd4 20. Bc1 Qc6
21. Nf3 Bf6 22. Rd3 d4 23. g4 Nb4 24. g5 Nxd3 25. gxf6 Nde5 26. fxg7 Rfe8 27.
Qxh6 Qxf3+ 28. Kg1 Qg4+ 29. Kh1 Qh4 30. Qxh4 Nxh4 31. Bg5 Nef3 32. Bh6 d3 33.
Nf4 Kh7 0-1

[Event "34e Championnat de Martinique - Tournoi "]
[Site "Le Lamentin"]
[Date "2018.05.12"]
[Round "9.3"]
[White "Grange, Julien"]
[Black "Francois-Haugrin, Said"]
[Result "1/2-1/2"]
[WhiteElo "1854"]
[BlackElo "1789"]
[PlyCount "43"]
[EventDate "2018.??.??"]

1. g3 g6 2. c4 Bg7 3. Bg2 Nf6 4. Nc3 c6 5. e4 d6 6. Nge2 Bg4 7. h3 Bxe2 8. Qxe2
c5 9. e5 dxe5 10. Bxb7 Nbd7 11. Bxa8 Qxa8 12. O-O O-O 13. Rb1 e4 14. Re1 Ne5
15. Nxe4 Nxe4 16. Qxe4 Nf3+ 17. Kf1 Nxe1 18. Qxa8 Rxa8 19. Kxe1 Rb8 20. b3 f5
21. d3 Bd4 22. Ke2 1/2-1/2

[Event "34e Championnat de Martinique - Tournoi "]
[Site "Le Lamentin"]
[Date "2018.05.12"]
[Round "9.4"]
[White "Guillaume, Marvin"]
[Black "Evers, Shaman"]
[Result "1-0"]
[WhiteElo "1849"]
[BlackElo "1612"]
[PlyCount "101"]
[EventDate "2018.??.??"]

1. d4 d5 2. b4 Nf6 3. Nd2 Bf5 4. e3 e6 5. a3 Nbd7 6. Ngf3 h6 7. c4 dxc4 8. Bxc4
Be7 9. Qe2 O-O 10. e4 Bh7 11. Bb2 a5 12. b5 Re8 13. Ne5 Nxe5 14. dxe5 Nd7 15.
O-O Bc5 16. Rad1 Qe7 17. Kh1 Bxa3 18. Ba1 Rac8 19. f4 c6 20. bxc6 Rxc6 21. Bb5
Rec8 22. Bxc6 Rxc6 23. Nc4 Bb4 24. f5 exf5 25. exf5 Nc5 26. f6 Qc7 27. Nd6 Ne6
28. fxg7 Bxd6 29. exd6 Rxd6 30. Be5 Rxd1 31. Bxc7 Rxf1+ 32. Qxf1 Nxc7 33. Qc4
Ne6 34. Qc8+ Kxg7 35. Qc3+ Kg8 36. Qxa5 Be4 37. Kg1 Bc6 38. h3 Kg7 39. Kh2 Kg6
40. g4 Kg7 41. Qe5+ Kh7 42. Qf6 Ng5 43. h4 Ne4 44. Qxf7+ Kh8 45. Qg6 h5 46.
gxh5 Nc5 47. h6 Ne6 48. Qxe6 Kh7 49. h5 Kh8 50. Qf6+ Kg8 51. Qg7# 1-0

[Event "34e Championnat de Martinique - Tournoi "]
[Site "Le Lamentin"]
[Date "2018.05.12"]
[Round "9"]
[White "Milton, Cedric"]
[Black "Lebon, Nicolas"]
[Result "1/2-1/2"]
[WhiteElo "1660"]
[BlackElo "1713"]
[PlyCount "129"]
[EventDate "2018.??.??"]

1. e4 d5 2. exd5 Qxd5 3. Nc3 Qd6 4. d4 Nf6 5. Nf3 c6 6. Bd3 Bg4 7. Ne4 Nxe4 8.
Bxe4 Nd7 9. O-O Nf6 10. Re1 e6 11. c3 Qd7 12. h3 Bh5 13. Qd3 Bd6 14. Ne5 O-O-O
15. Nc4 Bg6 16. Nxd6+ Qxd6 17. Bxg6 hxg6 18. Qf3 Qd5 19. Qf4 Qd6 20. Qf3 Qd5
21. Qf4 Rd7 22. Re5 Qd6 23. Ra5 Qxf4 24. Bxf4 b6 25. Re5 Nd5 26. Bg3 Kb7 27.
Re4 Ne7 28. Be5 Nf5 29. Rae1 Rh7 30. R4e2 Nd6 31. Kh2 Kc8 32. Kg3 Nf5+ 33. Kh2
Ne7 34. Re4 Nd5 35. Rg4 Rd8 36. Kg3 Kd7 37. Rh4 Rxh4 38. Kxh4 f6 39. Bg3 b5 40.
Kg4 Nb6 41. Kf3 Nc4 42. Re2 a5 43. Ke4 Ra8 44. Kd3 a4 45. Bh2 Nb6 46. Re4 Rh8
47. Rg4 Rh6 48. Re4 Nc4 49. Re2 Rh8 50. b3 axb3 51. axb3 Nb6 52. Ra2 Ra8 53.
Rxa8 Nxa8 54. c4 Nb6 55. h4 Nc8 56. Kc3 Ne7 57. Bf4 Nf5 58. g3 Ne7 59. Kb4 bxc4
60. bxc4 Nf5 61. Kc5 Ne7 62. Bb8 Nf5 63. Bf4 Ne7 64. Bd6 Nf5 65. Bf4 1/2-1/2

[Event "34e Championnat de Martinique - Tournoi "]
[Site "Le Lamentin"]
[Date "2018.05.12"]
[Round "10.1"]
[White "Grange, Julien"]
[Black "Verneuil, Pascal"]
[Result "0-1"]
[WhiteElo "1854"]
[BlackElo "2154"]
[PlyCount "92"]
[EventDate "2018.??.??"]

1. Nf3 d5 2. g3 Bg4 3. Bg2 Nd7 4. d3 Ngf6 5. c3 c6 6. Qc2 e5 7. Nbd2 a5 8. a4
Bd6 9. O-O O-O 10. Re1 h6 11. e4 dxe4 12. dxe4 Be6 13. Bf1 Bc5 14. Nc4 Ng4 15.
Ne3 Nxe3 16. Bxe3 Bxe3 17. Rxe3 Qb6 18. Nd2 Nf6 19. Nc4 Qc5 20. b4 axb4 21.
cxb4 Qxb4 22. Nxe5 Qd4 23. Qc3 Qxc3 24. Rxc3 Nxe4 25. Rc2 Ra5 26. f4 Rfa8 27.
Bc4 Bxc4 28. Rxc4 Nc5 29. Rb1 Rd8 30. Kg2 Rd5 31. Rcb4 Ra7 32. Kf3 h5 33. Ke3
f6 34. Nf3 Ra8 35. Rc4 Re8+ 36. Kf2 g5 37. fxg5 fxg5 38. h3 Rf5 39. Kg1 Re3 40.
g4 hxg4 41. hxg4 Rd5 42. Kf2 Re7 43. Kf1 Rf7 44. Kg2 Nd3 45. Re4 Kg7 46. Rb3
Nc5 0-1

[Event "34e Championnat de Martinique - Tournoi "]
[Site "Le Lamentin"]
[Date "2018.05.12"]
[Round "10.2"]
[White "Francois-Haugrin, Said"]
[Black "Suez-Panama, Gilles"]
[Result "0-1"]
[WhiteElo "1789"]
[BlackElo "1971"]
[PlyCount "72"]
[EventDate "2018.??.??"]

1. e4 g5 2. d4 h6 3. Bc4 Nf6 4. Nc3 c5 5. e5 cxd4 6. exf6 dxc3 7. Ne2 e6 8. Qd4
Nc6 9. Qd3 Qxf6 10. Nxc3 Ne5 11. Qe2 Nxc4 12. Qxc4 Qe5+ 13. Be3 a6 14. O-O-O b5
15. Qd3 Bg7 16. f4 gxf4 17. Bd4 Qxd4 18. Qxd4 Bxd4 19. Rxd4 Bb7 20. Rxf4 Bxg2
21. Rg1 Bc6 22. Kd2 f5 23. Ne2 Kf7 24. Ng3 h5 25. Ke3 h4 26. Ne2 Be4 27. c3 e5
28. Rf2 d5 29. Nc1 f4+ 30. Ke2 h3 31. Nb3 Rac8 32. Nd2 Rhg8 33. Nxe4 dxe4 34.
Re1 Kf6 35. Rc1 e3 36. Rf3 Rg2+ 0-1

[Event "34e Championnat de Martinique - Tournoi "]
[Site "Le Lamentin"]
[Date "2018.05.12"]
[Round "10.3"]
[White "Marbot, Raymond"]
[Black "Guillaume, Marvin"]
[Result "1/2-1/2"]
[WhiteElo "1672"]
[BlackElo "1849"]
[PlyCount "63"]
[EventDate "2018.??.??"]

1. e4 e5 2. Nf3 Nf6 3. Nxe5 d6 4. Nf3 Nxe4 5. d4 d5 6. Bd3 Be7 7. O-O Bf5 8. c4
Nc6 9. Nc3 Nxc3 10. bxc3 Bxd3 11. Qxd3 Na5 12. cxd5 Qxd5 13. Re1 Kd8 14. Re5
Qc4 15. Qxc4 Nxc4 16. Re2 Bf6 17. Bg5 Bxg5 18. Nxg5 Nd6 19. Rae1 h6 20. Nf3 Re8
21. Rxe8+ Nxe8 22. c4 a5 23. Ne5 f6 24. Ng6 Ra6 25. c5 Rc6 26. Ne7 Ra6 27. Ng6
Kd7 28. Nf8+ Kd8 29. Ng6 Kd7 30. Nf8+ Kd8 31. Ng6 Kd7 32. h3 1/2-1/2

[Event "34e Championnat de Martinique - Tournoi "]
[Site "Le Lamentin"]
[Date "2018.05.12"]
[Round "10.4"]
[White "Lebon, Nicolas"]
[Black "Alcindor, Samuel"]
[Result "1-0"]
[WhiteElo "1713"]
[BlackElo "1664"]
[PlyCount "155"]
[EventDate "2018.??.??"]

1. b3 d5 2. Bb2 Nc6 3. e3 e5 4. Bb5 f6 5. d4 e4 6. Nc3 Be6 7. Nge2 a6 8. Bxc6+
bxc6 9. Rc1 Bb4 10. a3 Bd6 11. Na4 Qe7 12. b4 a5 13. c3 Nh6 14. Nc5 Ra7 15. Qa4
Bd7 16. c4 Bxc5 17. dxc5 O-O 18. cxd5 cxd5 19. c6 Be6 20. Bd4 Raa8 21. Bc5 Qf7
22. Bxf8 Qxf8 23. b5 Qd6 24. Nd4 Ng4 25. Qb3 Ne5 26. Rc3 Nc4 27. a4 Bf7 28. Rc2
Nb6 29. O-O g5 30. Ra1 Nc4 31. Qc3 Qe5 32. Nb3 Qxc3 33. Rxc3 Bh5 34. Rc2 Bg4
35. Nc5 Kf7 36. h3 Bf5 37. Rd1 Nb6 38. Rd4 Ke7 39. Rcd2 Be6 40. Rd1 h5 41. f3
exf3 42. Nxe6 Kxe6 43. gxf3 Rd8 44. e4 f5 45. Kf2 Ke5 46. Rxd5+ Nxd5 47. b6
cxb6 48. c7 Rc8 49. Rxd5+ Ke6 50. Rxf5 Rxc7 51. Rxg5 Rc4 52. Rxh5 Kf7 53. Rh6
Rb4 54. Kg3 Kg7 55. Rc6 Rxa4 56. Rxb6 Ra1 57. Ra6 a4 58. Kf4 a3 59. Kf5 a2 60.
f4 Kf7 61. Ra7+ Ke8 62. Ke6 Kf8 63. Kf5 Ke8 64. e5 Kd8 65. h4 Ke8 66. Ke6 Kd8
67. f5 Rh1 68. Rxa2 Rxh4 69. f6 Rh6 70. Ra8+ Kc7 71. Ke7 Rh7+ 72. f7 Kb7 73.
Rg8 Kc7 74. Ke8 Rh6 75. f8=Q Re6+ 76. Kf7 Rxe5 77. Qb8+ Kc6 78. Qxe5 1-0

[Event "34e Championnat de Martinique - Tournoi "]
[Site "Le Lamentin"]
[Date "2018.05.12"]
[Round "10"]
[White "Evers, Shaman"]
[Black "Milton, Cedric"]
[Result "0-1"]
[WhiteElo "1612"]
[BlackElo "1660"]
[PlyCount "100"]
[EventDate "2018.??.??"]

1. e4 e5 2. Nf3 Nc6 3. Bb5 Nf6 4. O-O Nxe4 5. Re1 Nd6 6. Nxe5 Nxe5 7. Rxe5+ Be7
8. Ba4 O-O 9. c3 Nc4 10. Re1 d5 11. d4 Bd6 12. Bc2 Qh4 13. g3 Qh3 14. Qf3 Bg4
15. Qxd5 Rae8 16. Be3 Nxe3 17. Rxe3 Rxe3 18. fxe3 Bxg3 19. hxg3 Qxg3+ 20. Qg2
Qxe3+ 21. Qf2 Qc1+ 22. Kg2 Re8 23. Bd3 Re1 24. Qc2 Re2+ 25. Qxe2 Bxe2 26. Bxe2
Qxb2 27. Nd2 Qxa1 28. Ne4 Qxa2 29. Kf3 f5 30. Nc5 b6 31. Nd7 Qd5+ 32. Ke3 Qxd7
33. Bc4+ Kf8 34. Kf4 Ke7 35. Bg8 h6 36. Bh7 g5+ 37. Ke3 Kf6 38. Bg8 Qe8+ 39.
Kd3 Qxg8 40. c4 h5 41. d5 Ke5 42. Kc3 h4 43. Kb4 a6 44. c5 Qxd5 45. cxb6 cxb6
46. Kc3 h3 47. Kb4 h2 48. Kc3 h1=Q 49. Kb2 Qc4 50. Ka3 Qa1# 0-1

[Event "34e Championnat de Martinique - Tournoi "]
[Site "Le Lamentin"]
[Date "2018.05.12"]
[Round "10.6"]
[White "Cesaire-Hierso, Florian"]
[Black "Bagghi, Youri"]
[Result "1-0"]
[WhiteElo "1837"]
[BlackElo "1763"]
[PlyCount "71"]
[EventDate "2018.??.??"]

1. e4 c5 2. c3 d5 3. d4 dxe4 4. Bc4 e6 5. Ne2 Nf6 6. Bg5 Be7 7. Nd2 Nbd7 8.
dxc5 Nxc5 9. O-O O-O 10. Ng3 Bd7 11. b4 Na4 12. Qb3 Rc8 13. Ndxe4 Nxe4 14. Bxe7
Qxe7 15. Nxe4 Bc6 16. Ng3 b5 17. Bd3 Bd5 18. Qb1 g6 19. Rc1 Bc4 20. Bxc4 Rxc4
21. Qd3 Rfc8 22. Ne4 Rd8 23. Qf3 f5 24. Ng3 Qf6 25. Qb7 Nxc3 26. Qxa7 Rdc8 27.
Re1 f4 28. Nf1 e5 29. Nd2 Rxb4 30. Qb7 Qf5 31. Qe7 Rb2 32. Rxe5 Qf8 33. Qe6+
Kg7 34. Nf3 Rc5 35. Qd7+ Kh6 36. Re7 1-0

[Event "34e Championnat de Martinique - Tournoi "]
[Site "Le Lamentin"]
[Date "2018.05.12"]
[Round "9.6"]
[White "Alcindor, Samuel"]
[Black "Cesaire-Hierso, Florian"]
[Result "0-1"]
[WhiteElo "1664"]
[BlackElo "1837"]
[PlyCount "112"]
[EventDate "2018.??.??"]

1. e4 e5 2. Nc3 Bc5 3. Nf3 Nc6 4. Bc4 Nf6 5. O-O d6 6. h3 h6 7. Re1 Be6 8. Bb3
Qd7 9. a3 Bxh3 10. Nh2 Ng4 11. Rf1 Nxh2 12. Kxh2 Bg4 13. f3 Be6 14. Na4 Bb6 15.
Nxb6 axb6 16. c3 Bxb3 17. Qxb3 Na5 18. Qd1 Qb5 19. Kg1 Nb3 20. Rb1 Nxc1 21.
Qxc1 h5 22. d4 O-O-O 23. a4 Qd7 24. b4 h4 25. a5 b5 26. c4 exd4 27. Qb2 h3 28.
g4 Qe7 29. Qxd4 Qh4 30. Kh2 Qg5 31. Rg1 bxc4 32. Qxc4 d5 33. Qc3 dxe4 34. fxe4
Qf4+ 35. Rg3 Rd2+ 36. Kh1 Qxe4+ 37. Qf3 Qxb1+ 38. Rg1 Qc2 39. Qf5+ Qxf5 40.
gxf5 h2 41. Re1 Rhd8 42. Re7 Rb2 43. Re1 Rdd2 44. a6 bxa6 45. b5 Rg2 46. bxa6
Rg1+ 47. Rxg1 hxg1=Q+ 48. Kxg1 Kb8 49. f6 gxf6 50. Kf1 Ka7 51. Ke1 Kxa6 52. Kd1
Kb5 53. Kc1 Rh2 54. Kd1 Kc4 55. Ke1 Kd3 56. Kd1 Rh1# 0-1

[Event "34e Championnat de Martinique - Tournoi "]
[Site "Le Lamentin"]
[Date "2018.05.05"]
[Round "11.1"]
[White "Verneuil, Pascal"]
[Black "Francois-Haugrin, Said"]
[Result "1-0"]
[WhiteElo "2154"]
[BlackElo "1789"]
[PlyCount "69"]
[EventDate "2018.??.??"]

1. e4 c5 2. Nf3 Nc6 3. d4 cxd4 4. Nxd4 e5 5. Nb5 d6 6. c4 Be7 7. N1c3 a6 8. Na3
f5 9. exf5 Bxf5 10. Nc2 Nf6 11. Ne3 Be6 12. g3 O-O 13. Bg2 Qc8 14. O-O Nd4 15.
Ned5 Bd8 16. b3 Kh8 17. Be3 Nf5 18. Qd3 Nxd5 19. Nxd5 Bxd5 20. Bxd5 Nxe3 21.
fxe3 Bf6 22. Be4 Qc7 23. Rad1 Rad8 24. Bxh7 Bg5 25. Be4 Qb6 26. Rde1 Rxf1+ 27.
Kxf1 Rf8+ 28. Kg2 Qc7 29. Rf1 Rxf1 30. Qxf1 Qe7 31. Qf5 g6 32. Qxg6 Bxe3 33.
Qh5+ Kg8 34. Bd5+ Kg7 35. Qf3 1-0

[Event "34e Championnat de Martinique - Tournoi "]
[Site "Le Lamentin"]
[Date "2018.05.13"]
[Round "11.2"]
[White "Suez-Panama, Gilles"]
[Black "Cesaire-Hierso, Florian"]
[Result "1-0"]
[WhiteElo "1971"]
[BlackElo "1837"]
[PlyCount "33"]
[EventDate "2018.??.??"]

1. d4 Nf6 2. Nf3 d5 3. c4 e6 4. g3 c5 5. cxd5 Nxd5 6. Bg2 Bd7 7. O-O Nc6 8. e4
Nf6 9. d5 Na5 10. Nc3 exd5 11. exd5 Bg4 12. Re1+ Be7 13. d6 Qb6 14. dxe7 h5 15.
Nd5 Nxd5 16. Qxd5 Nc6 17. Ng5 1-0

[Event "34e Championnat de Martinique - Tournoi "]
[Site "Le Lamentin"]
[Date "2018.05.13"]
[Round "11.3"]
[White "Guillaume, Marvin"]
[Black "Grange, Julien"]
[Result "1/2-1/2"]
[WhiteElo "1849"]
[BlackElo "1854"]
[PlyCount "22"]
[EventDate "2018.??.??"]

1. d4 b6 2. e4 Bb7 3. Bd3 g6 4. Nf3 Bg7 5. O-O e6 6. Bg5 Ne7 7. Qd2 h6 8. Be3
d6 9. c3 Nd7 10. a4 a6 11. c4 c5 1/2-1/2

[Event "34e Championnat de Martinique - Tournoi "]
[Site "Le Lamentin"]
[Date "2018.05.13"]
[Round "11.5"]
[White "Bagghi, Youri"]
[Black "Lebon, Nicolas"]
[Result "0-1"]
[WhiteElo "1763"]
[BlackElo "1713"]
[PlyCount "48"]
[EventDate "2018.??.??"]

1. c4 Nf6 2. Nc3 e6 3. g3 Be7 4. Bg2 d6 5. Nf3 O-O 6. O-O Nbd7 7. d3 a6 8. Bd2
Ng4 9. Qc2 f5 10. d4 e5 11. Nd5 e4 12. Nxe7+ Qxe7 13. Bg5 Qe8 14. Ne1 Qh5 15.
h3 Qxg5 16. hxg4 Qxg4 17. Qd2 Nf6 18. Qe3 Bd7 19. Nc2 Rae8 20. Rae1 Qh5 21. f3
exf3 22. Bxf3 Rxe3 23. Bxh5 Rxg3+ 24. Kf2 Ne4# 0-1

[Event "34e Championnat de Martinique - Tournoi "]
[Site "Le Lamentin"]
[Date "2018.05.13"]
[Round "11.6"]
[White "Alcindor, Samuel"]
[Black "Evers, Shaman"]
[Result "0-1"]
[WhiteElo "1664"]
[BlackElo "1612"]
[PlyCount "64"]
[EventDate "2018.??.??"]

1. e4 e5 2. Nc3 Nc6 3. Bc4 Bc5 4. d3 d6 5. f4 exf4 6. Bxf4 Nf6 7. Nge2 Be6 8.
Bd5 Bxd5 9. exd5 Ne7 10. Bg5 Nd7 11. Nf4 Bd4 12. Qg4 h6 13. Qh4 Bf6 14. Ne4
Bxg5 15. Nxg5 Nf5 16. Qh3 Qxg5 17. O-O O-O 18. Ne2 Qe3+ 19. Qxe3 Nxe3 20. Rf3
Nxd5 21. Raf1 Rae8 22. Nd4 a6 23. Rg3 g6 24. Nf5 Kh7 25. c4 gxf5 26. cxd5 Rg8
27. Rh3 Re2 28. Rf2 Re1+ 29. Rf1 Rxf1+ 30. Kxf1 Nf6 31. Rf3 Nxd5 32. Kf2 Rg6
0-1

[Event "34e Championnat de Martinique - Tournoi "]
[Site "Le Lamentin"]
[Date "2018.05.13"]
[Round "11.4"]
[White "Milton, Cedric"]
[Black "Marbot, Raymond"]
[Result "0-1"]
[WhiteElo "1660"]
[BlackElo "1673"]
[PlyCount "50"]
[EventDate "2018.??.??"]

1. e4 e6 2. d4 d5 3. Nc3 Bb4 4. e5 c5 5. a3 Bxc3+ 6. bxc3 Ne7 7. Qg4 Qc7 8. Bd3
cxd4 9. Qxd4 Nbc6 10. Bb5 Bd7 11. Bxc6 Nxc6 12. Qd1 Qxe5+ 13. Ne2 Qe4 14. O-O
O-O 15. Re1 Qc4 16. Qd2 e5 17. Qg5 f6 18. Qg3 Bf5 19. f4 Rae8 20. Bd2 Bxc2 21.
fxe5 fxe5 22. Bh6 Bg6 23. Bg5 Rf5 24. Qe3 h6 25. Bh4 Qxh4 0-1

[Event "34e Chp de Martinique - Départage Aller"]
[Site "?"]
[Date "2018.05.13"]
[Round "1"]
[White "Suez-Panama, Gilles"]
[Black "Verneuil, Pascal"]
[Result "0-1"]
[WhiteElo "1971"]
[BlackElo "2154"]
[PlyCount "98"]
[EventDate "2018.??.??"]
[SourceDate "2018.05.13"]

1. d4 Nf6 2. Nf3 d5 3. c4 dxc4 4. g3 Bg4 5. Bg2 c6 6. Ne5 Be6 7. a4 Nbd7 8. Nf3
Bd5 9. Nc3 e6 10. Qc2 Bb4 11. O-O Bxf3 12. Bxf3 O-O 13. e4 e5 14. Rd1 exd4 15.
Rxd4 Qe7 16. Bf4 a5 17. Rad1 Ne5 18. Bg2 Nd3 19. Rxc4 Nxf4 20. gxf4 Rfd8 21.
Ne2 Rxd1+ 22. Qxd1 Rd8 23. Rd4 Rxd4 24. Qxd4 Bc5 25. Qc4 Ng4 26. Ng3 Bxf2+ 27.
Kh1 Qh4 28. Nf1 Nxh2 29. Nxh2 Bg3 30. Kg1 Bxh2+ 31. Kf1 Qxf4+ 32. Ke2 h5 33.
Qb3 Qg4+ 34. Bf3 Qd7 35. Qc3 h4 36. Qxa5 Bg3 37. Qa8+ Kh7 38. Qf8 Be5 39. Qb4
h3 40. Qe1 g5 41. Qg1 Bf4 42. Bg4 Qd2+ 43. Kf3 h2 44. Bf5+ Kg7 45. Qf1 Qxb2 46.
Kg4 Qc1 47. Qd3 Qg1+ 48. Kh5 h1=Q+ 49. Bh3 Qd1+ 0-1

[Event "34e Chp de Martinique - Départages 2"]
[Site "?"]
[Date "2018.05.13"]
[Round "2"]
[White "Verneuil, Pascal"]
[Black "Suez-Panama, Gilles"]
[Result "1-0"]
[WhiteElo "2154"]
[BlackElo "1971"]
[PlyCount "55"]
[EventDate "2018.??.??"]

1. e4 g5 2. d4 h6 3. h4 gxh4 4. Nf3 Bg7 5. Nc3 c5 6. Bf4 cxd4 7. Nxd4 Nc6 8.
Nf5 Bxc3+ 9. bxc3 Qa5 10. Rh3 d6 11. Bc4 Bxf5 12. exf5 Nf6 13. Qe2 Nd4 14. Qd3
Nxf5 15. Bb5+ Kf8 16. Qxf5 a6 17. Bd7 Qa3 18. Rd1 Rd8 19. Bc8 Qb2 20. Bxd6 Kg7
21. Bxe7 Rxd1+ 22. Kxd1 Qb1+ 23. Kd2 Nh7 24. Qg4+ Ng5 25. Bxg5 hxg5 26. Qxg5+
Kf8 27. Rd3 Ke8 28. Rd8# 1-0